Nekonečný Leonardo

Bibliographic Details
Main Authors: Vezzosi, Alessandro (Author), Sabato, Agnese (Author)
Other Authors: Pedretti, Carlo, 1928-2018 (Author of introduction, etc.), Sýkora, Pavol (Translator), Kantorová-Báliková, Jana, 1951- (Translator)
Format: Book
Language:Slovak
Italian
PhysicalDescription:412 s. faks., fotogr., ilustr. 41 cm
Published: Bratislava Ikar 2015
ISBN:9788055144627
Edition:1. vyd.
Series:Luxusná knižnica
Subjects:

MARC

LEADER 00000cam a2200000 a 4500
001 vtls011495549
003 SK-MaSNL
005 20260301180010.0
008 240318s2015 xo oa gr 001 0bslo
015 |a SNBA2016/02 
020 |a 9788055144627  |q (viaz.) 
035 |a urn:nbn:sk:snk-am00b9o3 
035 |a urn:nbn:sk:snk-am3h95n 
035 |a 45B1C749-B601-4736-AA0D-56AF91419373 
040 |a SNK  |b slo  |c SNK  |e AACR2 
041 1 |a slo  |h ita 
043 |a e-it--- 
044 |a xo  |c SK 
072 7 |a 75  |x Maliarstvo  |2 konspekt 
072 7 |a 929  |x Biografie  |2 konspekt 
080 |a 75.071.1  |2 2001 
080 |a 001.894-051  |2 2001 
080 |a (450)  |2 2001 
080 |a (092)  |2 2001 
080 |a (084.11)  |2 2001 
080 |a 75.034.3/.6  |2 2001 
080 |a 75(450)  |2 2001 
100 1 |a Vezzosi, Alessandro  |4 aut  |9 550658 
240 1 0 |a Leonardo Infinito  |l Slovensky 
245 1 0 |a Nekonečný Leonardo  |c Alessandro Vezzosi ; spolupráca Agnese Sabatová ; úvod Carlo Pedretti ; [z talianskeho originálu preložil Pavol Sýkora ; verše prebásnila Jana Kantorová-Báliková] 
246 3 4 |a Leonardo 
250 |a 1. vyd. 
260 |a Bratislava  |b Ikar  |c 2015 
300 |a 412 s.  |b faks., fotogr., ilustr.  |c 41 cm 
366 |e 300 výt. 
490 1 |a Luxusná knižnica 
500 |a Limitovaná edícia 
500 |a Publikácia je uložená v ochrannom obale 
504 |a Hlavné diela, štúdie a verzie ; pozn. o bibliogr. pamäti ; reg. ; skrat. ; zoz. miest a zemepisných názvov 
600 0 7 |a Leonardo da Vinci,  |d 1452-1519  |2 SNKMA  |9 103930 
648 7 |a 15.-16. stor.  |2 SNKPH  |9 295337 
648 7 |a 15th-16th cenuries  |2 SNKPHeng  |9 550659 
650 0 7 |a maliari  |2 SNKPH  |9 3150 
650 0 7 |a Painters  |2 SNKPHeng  |9 99679 
650 0 7 |a objavitelia a vynálezcovia  |2 SNKPH  |9 118812 
650 0 7 |a Inventors  |2 SNKPHeng  |9 285557 
650 0 7 |a renesančné maliarstvo  |2 SNKPH  |9 78873 
650 0 7 |a Renaissance painting  |2 SNKPHeng  |9 370786 
650 0 7 |a talianske maliarstvo  |2 SNKPH  |9 3126 
650 0 7 |a Italian painting  |2 SNKPHeng  |9 286417 
651 7 |a Taliansko  |2 SNKPH  |9 21019 
651 7 |a Italy  |2 SNKPHeng  |9 286419 
655 7 |a biografie  |2 SNKPH  |9 27965 
655 7 |a obrazové publikácie  |2 SNKPH  |9 70343 
655 7 |a Biography  |2 SNKPHeng  |9 266314 
655 7 |a Pictorial works  |2 SNKPHeng  |9 284468 
700 1 |a Sabato, Agnese  |4 aut  |9 550660 
700 1 |a Pedretti, Carlo,  |d 1928-2018  |4 aui  |9 217470 
700 1 |a Sýkora, Pavol  |4 trl  |9 219496 
700 1 |a Kantorová-Báliková, Jana,  |d 1951-  |4 trl  |9 160814 
787 0 8 |i Zo série:  |t Vznešená renesancia 
830 0 |a Luxusná knižnica  |9 302796 
919 |a 978-80-551-4462-7 
958 |a OP 
958 |a BC 
968 |b IT 
999 |c 844749  |d 846679 
952 |a SNK  |b SNK  |y PREZ  |7 0  |p 17A1180771  |o snkSA 1416  |i snk2016/4522  |8 0  |0 0  |1 0  |4 0  |d 2016-02-18  |f 1  |l 0  |r 2025-01-23 00:00:00  |w 2026-02-24 
952 |a SNK  |b SNK  |y PREZ  |7 0  |p 17A1180772  |o snkSA 1416 D1  |i snk2016/4523  |8 0  |z titul uložený spolu so simplikátom  |0 0  |1 0  |4 0  |d 2016-02-18  |l 0  |r 2026-02-24 04:23:16  |w 2026-02-24